Peace and democratic society / (Record no. 84954)

MARC details
000 -LEADER
fixed length control field 00785nam a22002297a 4500
005 - DATE AND TIME OF LATEST TRANSACTION
control field 20140804151000.0
010 ## - LCCN (DPL NO)
LC control number ENG-110169
020 ## - INTERNATIONAL STANDARD BOOK NUMBER
International Standard Book Number 9789382059080
Terms of availability 395.00
035 ## - SYSTEM CONTROL NUMBER
System control number EN-93701
035 ## - SYSTEM CONTROL NUMBER
System control number B-504796-797
037 ## - SOURCE OF ACQUISITION
Source of stock number/acquisition DBAD/PUB
037 ## - SOURCE OF ACQUISITION
Source of stock number/acquisition K.K.Pub/Ven
Stock number dpl
082 ## - DEWEY DECIMAL CLASSIFICATION NUMBER
Classification number 303.6609171241
245 ## - TITLE STATEMENT
Title Peace and democratic society /
Statement of responsibility, etc edited by Amartya Sen
260 ## - PUBLICATION, DISTRIBUTION, ETC. (IMPRINT)
Place of publication, distribution, etc New Delhi
Name of publisher, distributor, etc Synergy Books India
Date of publication, distribution, etc 2012
270 ## - ADDRESS
Address 24/4800 Ansari Road, Darya Ganj
City New Delhi
Postal code 110002
300 ## - PHYSICAL DESCRIPTION
Extent 155p.
Dimensions 24cm(Hb)
500 ## - GENERAL NOTE
General note Includes bibliographical references and index
700 ## - ADDED ENTRY--PERSONAL NAME
Personal name Sen, Amartya
942 ## - ADDED ENTRY ELEMENTS (KOHA)
Source of classification or shelving scheme Dewey Decimal Classification
Item type English Books
Call number suffix PEA
Classification part 303.6609171241
Holdings
Withdrawn status Lost status Not for loan Collection code Home library Current library Date acquired Source of acquisition Cost, normal purchase price Full call number Barcode Copy number Cost, replacement price Koha item type
      Non-fiction Central Library Central Library 11/06/2014 K.K.Pub/BL2983/11.03.2013/172/11.03.2013/20.03.2013 395.00 303.6609171241 PEA B-504796 1 395.00 English Books
    Not For Loan Non-fiction D.B.Act.Division D.B.Act.Division 09/06/2014 ENG-110169 395.00 303.6609171241 PEA EN-93701 1 395.00 English Books
      Non-fiction Shahdara Branch Shahdara Branch 11/06/2014 K.K.Pub/BL2983/11.03.2013/172/11.03.2013/20.03.2013 395.00 303.6609171241 PEA B-504797 1 395.00 English Books

© Delhi Public Library
Hit Counter
free hit counter